[Event "Deutsche Ländermeisterschaft 2025"]
[Site "Oer-Erkenschwick GER"]
[Date "2025.10.03"]
[Round "4"]
[White "Bohatyrova, Mariia"]
[Black "Fock, Madiha"]
[Result "1-0"]
[Termination "normal"]
[Board "5.7"]
[WhiteElo "1793"]
[BlackElo "1855"]
[WhiteClock "00:01:11"]
[BlackClock "00:07:52"]
[WhiteTeam "Nordrhein-Westfalen 2"]
[BlackTeam "Berlin"]
[PlyCount "85"]
[WhiteFideId "34165789"]
[BlackFideId "16253574"]
[EventCountry "GER"]
[EventRounds "7"]
[EventType "team-swiss"]
[EventDate "2025.09.30"]

1. Nf3 {[%clk 01:30:51]} {[%emt 00:00:09]} d5 {[%clk 01:30:45]} {[%emt
00:00:15]} 2. d4 {[%clk 01:31:14]} {[%emt 00:00:07]} Nf6 {[%clk 01:31:10]}
{[%emt 00:00:06]} 3. g3 {[%clk 01:31:27]} {[%emt 00:00:16]} c5 {[%clk
01:31:33]} {[%emt 00:00:07]} 4. e3 {[%clk 01:31:17]} {[%emt 00:00:40]} Nc6
{[%clk 01:21:06]} {[%emt 00:10:57]} 5. Bg2 {[%clk 01:30:48]} {[%emt 00:01:00]}
Bf5 {[%clk 01:17:57]} {[%emt 00:03:38]} 6. c3 {[%clk 01:18:29]} {[%emt
00:12:49]} e6 {[%clk 01:15:06]} {[%emt 00:03:21]} 7. O-O {[%clk 01:18:28]}
{[%emt 00:00:31]} Bd6 {[%clk 01:09:47]} {[%emt 00:05:48]} 8. dxc5 {[%clk
01:12:21]} {[%emt 00:06:38]} Bxc5 {[%clk 01:10:05]} {[%emt 00:00:12]} 9. Nd4
{[%clk 01:09:38]} {[%emt 00:03:12]} Bg6 {[%emt 00:04:45]} 10. Nxc6 {[%clk
00:53:03]} {[%emt 00:17:03]} bxc6 {[%clk 01:06:03]} {[%emt 00:00:20]} 11. c4
{[%clk 00:51:43]} {[%emt 00:01:50]} O-O {[%clk 01:02:47]} {[%emt 00:03:46]} 12.
Nc3 {[%clk 00:46:38]} {[%emt 00:05:33]} Rb8 {[%clk 00:55:40]} {[%emt 00:07:39]}
13. a3 {[%clk 00:37:25]} {[%emt 00:09:42]} Qc7 {[%clk 00:44:05]} {[%emt
00:12:06]} 14. b4 {[%clk 00:24:41]} {[%emt 00:13:13]} Be7 {[%clk 00:42:56]}
{[%emt 00:01:40]} 15. cxd5 {[%clk 00:17:25]} {[%emt 00:07:47]} cxd5 {[%clk
00:41:31]} {[%emt 00:01:55]} 16. Bb2 {[%clk 00:16:35]} {[%emt 00:01:18]} Rfc8
{[%clk 00:38:15]} {[%emt 00:03:47]} 17. Rc1 {[%clk 00:16:23]} {[%emt 00:00:42]}
Qb7 {[%clk 00:35:59]} {[%emt 00:02:46]} 18. Qe2 {[%clk 00:13:35]} {[%emt
00:03:15]} Nd7 {[%clk 00:32:24]} {[%emt 00:04:09]} 19. Qd2 {[%clk 00:10:20]}
{[%emt 00:03:43]} Nb6 {[%clk 00:30:06]} {[%emt 00:02:49]} 20. Rfe1 {[%clk
00:03:14]} {[%emt 00:07:36]} Nc4 {[%clk 00:28:45]} {[%emt 00:01:51]} 21. Qe2
{[%clk 00:03:35]} {[%emt 00:00:09]} Nxb2 {[%clk 00:27:28]} {[%emt 00:01:48]}
22. Qxb2 {[%clk 00:04:02]} {[%emt 00:00:02]} Bf6 {[%clk 00:27:42]} {[%emt
00:00:16]} 23. Qb3 {[%clk 00:03:09]} {[%emt 00:01:19]} a5 {[%clk 00:24:06]}
{[%emt 00:04:10]} 24. Na2 {[%clk 00:01:38]} {[%emt 00:01:59]} Rxc1 {[%clk
00:22:18]} {[%emt 00:02:20]} 25. Rxc1 {[%clk 00:02:04]} {[%emt 00:00:05]} h6
{[%clk 00:21:25]} {[%emt 00:01:23]} 26. b5 {[%clk 00:01:21]} {[%emt 00:01:12]}
a4 {[%clk 00:18:21]} {[%emt 00:03:33]} 27. Qb4 {[%clk 00:00:38]} {[%emt
00:01:14]} Be7 {[%clk 00:18:22]} {[%emt 00:00:30]} 28. Qb2 {[%clk 00:00:38]}
{[%emt 00:00:27]} Kh7 {[%clk 00:17:56]} {[%emt 00:00:57]} 29. Bf1 {[%clk
00:00:42]} {[%emt 00:00:27]} Bd6 {[%clk 00:15:22]} {[%emt 00:03:03]} 30. Nb4
{[%clk 00:00:45]} {[%emt 00:00:27]} Qe7 {[%clk 00:11:27]} {[%emt 00:04:25]} 31.
Nc6 {[%clk 00:00:34]} {[%emt 00:00:43]} Bxa3 {[%clk 00:11:53]} {[%emt
00:00:04]} 32. Qa1 {[%clk 00:00:40]} {[%emt 00:00:23]} Qd6 {[%clk 00:10:58]}
{[%emt 00:01:24]} 33. Rc3 {[%clk 00:00:35]} {[%emt 00:00:36]} Bb4 {[%clk
00:11:07]} {[%emt 00:00:21]} 34. Nxb8 {[%clk 00:00:37]} {[%emt 00:00:28]} Bxc3
{[%clk 00:11:22]} {[%emt 00:00:14]} 35. Qxc3 {[%clk 00:00:58]} {[%emt
00:00:09]} Qxb8 {[%clk 00:11:48]} {[%emt 00:00:05]} 36. Qa5 {[%clk 00:00:51]}
{[%emt 00:00:36]} Bc2 {[%clk 00:10:59]} {[%emt 00:01:19]} 37. b6 {[%clk
00:01:06]} {[%emt 00:00:15]} a3 {[%clk 00:10:02]} {[%emt 00:01:28]} 38. Qa7
{[%clk 00:01:06]} {[%emt 00:00:30]} a2 {[%clk 00:07:09]} {[%emt 00:03:23]} 39.
Qxa2 {[%clk 00:01:28]} {[%emt 00:00:08]} Be4 {[%clk 00:07:36]} {[%emt
00:00:03]} 40. Qa7 {[%clk 00:01:26]} {[%emt 00:00:31]} Qc8 {[%clk 00:07:01]}
{[%emt 00:01:06]} 41. b7 {[%clk 00:01:13]} {[%emt 00:00:43]} Qc1 {[%clk
00:07:25]} {[%emt 00:00:06]} 42. Qa6 {[%clk 00:01:20]} {[%emt 00:00:22]} Qb1
{[%clk 00:07:52]} {[%emt 00:00:04]} 43. Qb5 {[%clk 00:01:11]} {[%emt 00:00:38]}
1-0

[Event "Deutsche Ländermeisterschaft 2025"]
[Site "Oer-Erkenschwick GER"]
[Date "2025.10.03"]
[Round "4"]
[White "Klymenko, Maria"]
[Black "Göb, Franziska"]
[Result "1-0"]
[Termination "normal"]
[Board "5.8"]
[WhiteElo "1728"]
[BlackElo "1683"]
[WhiteClock "01:01:11"]
[BlackClock "00:15:08"]
[WhiteTeam "Berlin"]
[BlackTeam "Nordrhein-Westfalen 2"]
[PlyCount "117"]
[WhiteFideId "34620621"]
[BlackFideId "16293177"]
[EventCountry "GER"]
[EventRounds "7"]
[EventType "team-swiss"]
[EventDate "2025.09.30"]

1. Nf3 {[%clk 01:30:57]} {[%emt 00:00:02]} d5 {[%clk 01:30:47]} {[%emt
00:00:14]} 2. g3 {[%clk 01:31:21]} {[%emt 00:00:07]} Nf6 {[%clk 01:31:03]}
{[%emt 00:00:12]} 3. Bg2 {[%clk 01:31:41]} {[%emt 00:00:10]} c6 {[%clk
01:30:36]} {[%emt 00:00:59]} 4. O-O {[%clk 01:32:02]} {[%emt 00:00:08]} Nbd7
{[%clk 01:30:45]} {[%emt 00:00:20]} 5. d4 {[%clk 01:32:22]} {[%emt 00:00:10]}
e6 {[%clk 01:29:43]} {[%emt 00:01:32]} 6. c4 {[%clk 01:32:41]} {[%emt
00:00:10]} Be7 {[%clk 01:29:16]} {[%emt 00:00:57]} 7. Qc2 {[%clk 01:32:59]}
{[%emt 00:00:13]} O-O {[%clk 01:28:56]} {[%emt 00:00:50]} 8. Nbd2 {[%clk
01:33:20]} {[%emt 00:00:08]} Qc7 {[%clk 01:22:33]} {[%emt 00:06:53]} 9. e4
{[%clk 01:33:06]} {[%emt 00:00:43]} dxe4 {[%clk 01:17:32]} {[%emt 00:05:33]}
10. Nxe4 {[%clk 01:33:24]} {[%emt 00:00:10]} Nxe4 {[%clk 01:17:25]} {[%emt
00:00:38]} 11. Qxe4 {[%clk 01:33:46]} {[%emt 00:00:07]} Nf6 {[%clk 01:16:00]}
{[%emt 00:01:56]} 12. Qe2 {[%clk 01:33:48]} {[%emt 00:00:27]} Re8 {[%clk
01:09:59]} {[%emt 00:06:33]} 13. Bf4 {[%clk 01:31:04]} {[%emt 00:03:12]} Bd6
{[%clk 01:01:57]} {[%emt 00:08:33]} 14. Ne5 {[%clk 01:30:44]} {[%emt 00:00:49]}
c5 {[%clk 00:55:22]} {[%emt 00:07:07]} 15. dxc5 {[%clk 01:25:54]} {[%emt
00:05:19]} Qxc5 {[%clk 00:51:50]} {[%emt 00:04:02]} 16. Rfd1 {[%clk 01:20:42]}
{[%emt 00:05:40]} Bf8 {[%clk 00:46:49]} {[%emt 00:05:32]} 17. a3 {[%clk
01:15:44]} {[%emt 00:05:28]} Qe7 {[%clk 00:37:32]} {[%emt 00:09:47]} 18. b4
{[%clk 01:10:26]} {[%emt 00:05:48]} g6 {[%clk 00:33:19]} {[%emt 00:04:43]} 19.
Nd3 {[%clk 00:54:07]} {[%emt 00:16:47]} Nh5 {[%clk 00:29:22]} {[%emt 00:04:28]}
20. Be5 {[%clk 00:50:05]} {[%emt 00:04:30]} Bg7 {[%clk 00:25:36]} {[%emt
00:04:17]} 21. Nc5 {[%clk 00:47:57]} {[%emt 00:02:39]} Bxe5 {[%clk 00:19:56]}
{[%emt 00:06:11]} 22. Qxe5 {[%clk 00:48:15]} {[%emt 00:00:12]} f6 {[%clk
00:19:06]} {[%emt 00:01:20]} 23. Qd6 {[%clk 00:46:02]} {[%emt 00:02:41]} Qxd6
{[%clk 00:12:27]} {[%emt 00:07:11]} 24. Rxd6 {[%clk 00:46:23]} {[%emt
00:00:09]} Rb8 {[%clk 00:12:01]} {[%emt 00:00:56]} 25. Rad1 {[%clk 00:43:22]}
{[%emt 00:03:28]} b6 {[%clk 00:10:57]} {[%emt 00:01:37]} 26. Bc6 {[%clk
00:41:28]} {[%emt 00:02:23]} Re7 {[%clk 00:09:11]} {[%emt 00:02:16]} 27. Rd8+
{[%clk 00:41:06]} {[%emt 00:00:51]} Kf7 {[%clk 00:09:30]} {[%emt 00:00:12]} 28.
Na6 {[%clk 00:40:48]} {[%emt 00:00:48]} Bxa6 {[%clk 00:08:56]} {[%emt
00:01:04]} 29. Rxb8 {[%clk 00:41:08]} {[%emt 00:00:10]} Bxc4 {[%clk 00:09:10]}
{[%emt 00:00:16]} 30. Rd7 {[%clk 00:40:03]} {[%emt 00:01:35]} Rxd7 {[%clk
00:07:50]} {[%emt 00:01:52]} 31. Bxd7 {[%clk 00:40:25]} {[%emt 00:00:07]} Bd5
{[%clk 00:07:46]} {[%emt 00:00:32]} 32. b5 {[%clk 00:39:28]} {[%emt 00:01:28]}
f5 {[%clk 00:05:47]} {[%emt 00:02:30]} 33. Bc6 {[%clk 00:39:23]} {[%emt
00:00:35]} Nf6 {[%clk 00:05:37]} {[%emt 00:00:39]} 34. Rb7+ {[%clk 00:38:32]}
{[%emt 00:01:21]} Kf8 {[%clk 00:05:52]} {[%emt 00:00:14]} 35. Bxd5 {[%clk
00:37:23]} {[%emt 00:01:40]} Nxd5 {[%clk 00:05:38]} {[%emt 00:00:45]} 36. Rxh7
{[%clk 00:37:12]} {[%emt 00:00:40]} Nc3 {[%clk 00:05:13]} {[%emt 00:00:54]} 37.
Rxa7 {[%clk 00:37:24]} {[%emt 00:00:19]} Nxb5 {[%clk 00:05:30]} {[%emt
00:00:14]} 38. Ra6 {[%clk 00:37:39]} {[%emt 00:00:15]} Kf7 {[%clk 00:05:00]}
{[%emt 00:00:59]} 39. a4 {[%clk 00:36:02]} {[%emt 00:02:07]} Nc3 {[%clk
00:05:16]} {[%emt 00:00:15]} 40. Rxb6 {[%clk 00:33:53]} {[%emt 00:02:39]} Nxa4
{[%clk 00:05:37]} {[%emt 00:00:09]} 41. Rb7+ {[%clk 00:33:49]} {[%emt
00:00:33]} Kf6 {[%clk 00:05:57]} {[%emt 00:00:10]} 42. f4 {[%clk 00:33:55]}
{[%emt 00:00:23]} Nc5 {[%clk 00:06:01]} {[%emt 00:00:26]} 43. Rc7 {[%clk
00:33:28]} {[%emt 00:00:57]} Ne4 {[%clk 00:05:46]} {[%emt 00:00:45]} 44. Kg2
{[%clk 00:32:00]} {[%emt 00:01:57]} g5 {[%clk 00:29:51]} {[%emt 00:06:27]} 45.
h4 {[%clk 01:01:27]} {[%emt 00:01:01]} g4 {[%clk 00:23:53]} {[%emt 00:06:29]}
46. h5 {[%clk 01:00:53]} {[%emt 00:01:04]} Nd6 {[%clk 00:24:07]} {[%emt
00:00:16]} 47. h6 {[%clk 01:00:16]} {[%emt 00:01:08]} Nf7 {[%clk 00:22:27]}
{[%emt 00:02:10]} 48. h7 {[%clk 01:00:28]} {[%emt 00:00:17]} Nh8 {[%clk
00:21:49]} {[%emt 00:01:09]} 49. Kf2 {[%clk 01:00:11]} {[%emt 00:00:46]} Ng6
{[%clk 00:19:08]} {[%emt 00:03:12]} 50. Rc8 {[%clk 00:59:52]} {[%emt 00:00:49]}
Kg7 {[%clk 00:18:52]} {[%emt 00:00:46]} 51. Rc7+ {[%clk 00:59:45]} {[%emt
00:00:37]} Kf6 {[%clk 00:16:26]} {[%emt 00:02:56]} 52. Ke3 {[%clk 00:59:38]}
{[%emt 00:00:36]} Nh8 {[%clk 00:15:37]} {[%emt 00:01:20]} 53. Rc8 {[%clk
00:59:02]} {[%emt 00:01:05]} Kg7 {[%clk 00:15:43]} {[%emt 00:00:24]} 54. Rxh8
{[%clk 00:59:10]} {[%emt 00:00:22]} Kxh8 {[%clk 00:16:03]} {[%emt 00:00:11]}
55. Kd4 {[%clk 00:59:36]} {[%emt 00:00:03]} Kxh7 {[%clk 00:16:21]} {[%emt
00:00:12]} 56. Ke5 {[%clk 01:00:00]} {[%emt 00:00:06]} Kg6 {[%clk 00:15:31]}
{[%emt 00:01:19]} 57. Kxe6 {[%clk 01:00:25]} {[%emt 00:00:06]} Kg7 {[%clk
00:14:51]} {[%emt 00:01:10]} 58. Kxf5 {[%clk 01:00:47]} {[%emt 00:00:08]} Kf7
{[%clk 00:15:08]} {[%emt 00:00:13]} 59. Kxg4 {[%clk 01:01:11]} {[%emt
00:00:05]} 1-0

[Event "Deutsche Ländermeisterschaft 2025"]
[Site "Oer-Erkenschwick GER"]
[Date "2025.10.03"]
[Round "4"]
[White "Farokhi, Keyvan"]
[Black "Avdic, Faris"]
[Result "1-0"]
[Termination "normal"]
[Board "6.1"]
[WhiteTitle "FM"]
[WhiteElo "2384"]
[BlackElo "2281"]
[WhiteClock "00:02:53"]
[BlackClock "00:22:18"]
[WhiteTeam "Schleswig-Holstein"]
[BlackTeam "Hamburg 1"]
[PlyCount "69"]
[WhiteFideId "12998630"]
[BlackFideId "14422328"]
[EventCountry "GER"]
[EventRounds "7"]
[EventType "team-swiss"]
[EventDate "2025.09.30"]

1. d4 {[%clk 01:30:18]} {[%emt 00:00:41]} Nf6 {[%clk 01:30:50]} {[%emt
00:00:09]} 2. c4 {[%clk 01:30:28]} {[%emt 00:00:21]} g6 {[%clk 01:31:14]}
{[%emt 00:00:06]} 3. Nc3 {[%clk 01:30:44]} {[%emt 00:00:14]} Bg7 {[%clk
01:31:33]} {[%emt 00:00:12]} 4. e4 {[%clk 01:31:04]} {[%emt 00:00:09]} d6
{[%clk 01:31:57]} {[%emt 00:00:06]} 5. Bd3 {[%clk 01:29:39]} {[%emt 00:01:55]}
O-O {[%clk 01:27:21]} {[%emt 00:05:07]} 6. Nge2 {[%clk 01:30:00]} {[%emt
00:00:08]} Nbd7 {[%clk 01:27:01]} {[%emt 00:00:51]} 7. O-O {[%clk 01:26:54]}
{[%emt 00:03:35]} c5 {[%clk 01:26:52]} {[%emt 00:00:40]} 8. d5 {[%clk
01:25:45]} {[%emt 00:01:38]} Ne5 {[%clk 01:26:33]} {[%emt 00:00:49]} 9. f4
{[%clk 01:18:00]} {[%emt 00:08:15]} Nxd3 {[%clk 01:25:05]} {[%emt 00:01:58]}
10. Qxd3 {[%clk 01:18:22]} {[%emt 00:00:07]} e6 {[%clk 01:21:01]} {[%emt
00:04:34]} 11. dxe6 {[%clk 01:12:51]} {[%emt 00:06:01]} Bxe6 {[%clk 01:18:18]}
{[%emt 00:03:14]} 12. f5 {[%clk 01:10:23]} {[%emt 00:02:58]} Bd7 {[%clk
01:15:42]} {[%emt 00:03:07]} 13. Bg5 {[%clk 00:55:32]} {[%emt 00:15:19]} Bc6
{[%clk 01:09:27]} {[%emt 00:06:46]} 14. Rad1 {[%clk 00:51:46]} {[%emt
00:04:16]} Qe8 {[%clk 01:00:53]} {[%emt 00:09:03]} 15. Ng3 {[%clk 00:50:03]}
{[%emt 00:02:14]} h6 {[%clk 00:58:39]} {[%emt 00:02:45]} 16. Bf4 {[%clk
00:40:18]} {[%emt 00:10:13]} Ng4 {[%clk 00:47:58]} {[%emt 00:11:12]} 17. Qe2
{[%clk 00:36:17]} {[%emt 00:04:31]} Ne5 {[%clk 00:43:11]} {[%emt 00:05:17]} 18.
Rxd6 {[%clk 00:34:35]} {[%emt 00:02:13]} Qe7 {[%clk 00:43:13]} {[%emt
00:00:27]} 19. Rfd1 {[%clk 00:33:20]} {[%emt 00:01:44]} Qh4 {[%clk 00:42:59]}
{[%emt 00:00:45]} 20. Qf1 {[%clk 00:28:31]} {[%emt 00:05:18]} Nxc4 {[%clk
00:41:15]} {[%emt 00:02:16]} 21. Qxc4 {[%clk 00:24:13]} {[%emt 00:04:46]} Qxf4
{[%clk 00:41:41]} {[%emt 00:00:06]} 22. Qxc5 {[%clk 00:08:22]} {[%emt
00:16:20]} Be5 {[%clk 00:37:05]} {[%emt 00:05:06]} 23. Rxc6 {[%clk 00:05:23]}
{[%emt 00:03:30]} bxc6 {[%clk 00:37:31]} {[%emt 00:00:04]} 24. Nce2 {[%clk
00:05:31]} {[%emt 00:00:21]} Rad8 {[%clk 00:37:16]} {[%emt 00:00:45]} 25. Rxd8
{[%clk 00:03:59]} {[%emt 00:02:03]} Rxd8 {[%clk 00:37:44]} {[%emt 00:00:01]}
26. Nxf4 {[%clk 00:04:16]} {[%emt 00:00:13]} Bd4+ {[%clk 00:38:09]} {[%emt
00:00:05]} 27. Qxd4 {[%clk 00:04:40]} {[%emt 00:00:06]} Rxd4 {[%clk 00:38:32]}
{[%emt 00:00:06]} 28. fxg6 {[%clk 00:05:04]} {[%emt 00:00:07]} Rd2 {[%clk
00:35:16]} {[%emt 00:03:46]} 29. b4 {[%clk 00:01:29]} {[%emt 00:04:06]} Rxa2
{[%clk 00:35:10]} {[%emt 00:00:35]} 30. Nf5 {[%clk 00:01:37]} {[%emt 00:00:22]}
fxg6 {[%clk 00:34:15]} {[%emt 00:01:25]} 31. Ne7+ {[%clk 00:01:54]} {[%emt
00:00:13]} Kh7 {[%clk 00:23:12]} {[%emt 00:11:33]} 32. Nxc6 {[%clk 00:02:16]}
{[%emt 00:00:08]} a6 {[%clk 00:22:22]} {[%emt 00:01:20]} 33. Nd3 {[%clk
00:02:07]} {[%emt 00:00:38]} Rd2 {[%clk 00:21:58]} {[%emt 00:00:54]} 34. Nc5
{[%clk 00:02:30]} {[%emt 00:00:08]} Rd6 {[%clk 00:22:18]} {[%emt 00:00:10]} 35.
Nb8 {[%clk 00:02:53]} {[%emt 00:00:06]} 1-0

[Event "Deutsche Ländermeisterschaft 2025"]
[Site "Oer-Erkenschwick GER"]
[Date "2025.10.03"]
[Round "4"]
[White "Fuhrmann, Bahne"]
[Black "Guo, Philipp Ziming"]
[Result "1/2-1/2"]
[Termination "normal"]
[Board "6.2"]
[WhiteTitle "FM"]
[WhiteElo "2225"]
[BlackElo "2204"]
[WhiteClock "00:24:26"]
[BlackClock "00:20:04"]
[WhiteTeam "Hamburg 1"]
[BlackTeam "Schleswig-Holstein"]
[PlyCount "59"]
[WhiteFideId "16244842"]
[BlackFideId "16245199"]
[EventCountry "GER"]
[EventRounds "7"]
[EventType "team-swiss"]
[EventDate "2025.09.30"]

1. e4 {[%clk 01:30:55]} {[%emt 00:00:05]} c5 {[%clk 01:30:38]} {[%emt
00:00:21]} 2. Nf3 {[%clk 01:31:15]} {[%emt 00:00:10]} d6 {[%clk 01:31:00]}
{[%emt 00:00:08]} 3. d4 {[%clk 01:31:41]} {[%emt 00:00:05]} cxd4 {[%clk
01:31:18]} {[%emt 00:00:12]} 4. Nxd4 {[%clk 01:32:06]} {[%emt 00:00:05]} Nf6
{[%clk 01:31:38]} {[%emt 00:00:07]} 5. Nc3 {[%clk 01:32:34]} {[%emt 00:00:04]}
a6 {[%clk 01:32:02]} {[%emt 00:00:07]} 6. f3 {[%clk 01:32:59]} {[%emt
00:00:05]} e5 {[%clk 01:32:17]} {[%emt 00:00:13]} 7. Nb3 {[%clk 01:33:25]}
{[%emt 00:00:05]} Be6 {[%clk 01:31:29]} {[%emt 00:01:17]} 8. Be3 {[%clk
01:33:48]} {[%emt 00:00:08]} Be7 {[%clk 01:31:46]} {[%emt 00:00:12]} 9. Qd2
{[%clk 01:34:13]} {[%emt 00:00:07]} O-O {[%clk 01:32:06]} {[%emt 00:00:09]} 10.
O-O-O {[%clk 01:34:37]} {[%emt 00:00:06]} Nbd7 {[%clk 01:32:28]} {[%emt
00:00:06]} 11. g4 {[%clk 01:34:52]} {[%emt 00:00:16]} b5 {[%clk 01:32:41]}
{[%emt 00:00:16]} 12. g5 {[%clk 01:35:15]} {[%emt 00:00:08]} Nh5 {[%clk
01:32:57]} {[%emt 00:00:13]} 13. Nd5 {[%clk 01:35:26]} {[%emt 00:00:20]} Bxd5
{[%clk 01:33:20]} {[%emt 00:00:08]} 14. exd5 {[%clk 01:35:52]} {[%emt
00:00:04]} f6 {[%clk 01:33:37]} {[%emt 00:00:10]} 15. gxf6 {[%clk 01:36:18]}
{[%emt 00:00:06]} Bxf6 {[%clk 01:34:00]} {[%emt 00:00:07]} 16. Na5 {[%clk
01:36:28]} {[%emt 00:00:20]} Qe8 {[%clk 01:34:12]} {[%emt 00:00:17]} 17. c4
{[%clk 01:36:43]} {[%emt 00:00:17]} bxc4 {[%clk 01:28:51]} {[%emt 00:05:51]}
18. Nxc4 {[%clk 01:37:01]} {[%emt 00:00:11]} Be7 {[%clk 01:28:51]} {[%emt
00:00:29]} 19. Kb1 {[%clk 01:37:15]} {[%emt 00:00:17]} Kh8 {[%clk 01:22:06]}
{[%emt 00:07:15]} 20. Bd3 {[%clk 01:29:46]} {[%emt 00:07:59]} Nf4 {[%clk
01:04:22]} {[%emt 00:18:14]} 21. Bc2 {[%clk 01:28:50]} {[%emt 00:01:26]} Qh5
{[%clk 00:58:07]} {[%emt 00:06:44]} 22. Rhf1 {[%clk 01:24:19]} {[%emt
00:05:03]} Rab8 {[%clk 00:51:23]} {[%emt 00:07:14]} 23. Qa5 {[%clk 01:13:01]}
{[%emt 00:11:48]} Qh3 {[%clk 00:45:03]} {[%emt 00:06:49]} 24. Ba4 {[%clk
01:03:25]} {[%emt 00:10:07]} Nf6 {[%clk 00:39:51]} {[%emt 00:05:41]} 25. Bxf4
{[%clk 01:00:13]} {[%emt 00:03:42]} Qf5+ {[%clk 00:37:59]} {[%emt 00:02:22]}
26. Ka1 {[%clk 00:45:08]} {[%emt 00:15:37]} Qxf4 {[%clk 00:38:15]} {[%emt
00:00:12]} 27. Bb3 {[%clk 00:45:27]} {[%emt 00:00:11]} Ne4 {[%clk 00:22:15]}
{[%emt 00:16:29]} 28. Qc7 {[%clk 00:39:31]} {[%emt 00:06:27]} Qf6 {[%clk
00:21:22]} {[%emt 00:01:23]} 29. Nb6 {[%clk 00:25:40]} {[%emt 00:14:22]} Nc5
{[%clk 00:20:04]} {[%emt 00:01:45]} 30. Nd7 {[%clk 00:24:26]} {[%emt 00:01:46]}
1/2-1/2

[Event "Deutsche Ländermeisterschaft 2025"]
[Site "Oer-Erkenschwick GER"]
[Date "2025.10.03"]
[Round "4"]
[White "Sommer, Justus"]
[Black "Eberle, Triona"]
[Result "1-0"]
[Termination "normal"]
[Board "6.3"]
[WhiteElo "2111"]
[BlackElo "2010"]
[WhiteClock "00:09:30"]
[BlackClock "01:10:39"]
[WhiteTeam "Schleswig-Holstein"]
[BlackTeam "Hamburg 1"]
[PlyCount "77"]
[WhiteFideId "16245008"]
[BlackFideId "34627731"]
[EventCountry "GER"]
[EventRounds "7"]
[EventType "team-swiss"]
[EventDate "2025.09.30"]

1. e4 {[%clk 01:30:53]} {[%emt 00:00:04]} c5 {[%clk 01:30:14]} {[%emt
00:00:48]} 2. Nf3 {[%clk 01:31:15]} {[%emt 00:00:07]} d6 {[%clk 01:30:40]}
{[%emt 00:00:05]} 3. d4 {[%clk 01:31:36]} {[%emt 00:00:08]} cxd4 {[%clk
01:31:06]} {[%emt 00:00:05]} 4. Nxd4 {[%clk 01:32:01]} {[%emt 00:00:04]} Nf6
{[%clk 01:31:31]} {[%emt 00:00:06]} 5. Nc3 {[%clk 01:32:24]} {[%emt 00:00:06]}
a6 {[%clk 01:31:56]} {[%emt 00:00:06]} 6. h3 {[%clk 01:32:48]} {[%emt
00:00:06]} e5 {[%clk 01:32:21]} {[%emt 00:00:06]} 7. Nf3 {[%clk 01:33:12]}
{[%emt 00:00:05]} Be7 {[%clk 01:31:14]} {[%emt 00:01:38]} 8. g4 {[%clk
01:33:23]} {[%emt 00:00:19]} Be6 {[%clk 01:29:07]} {[%emt 00:02:37]} 9. g5
{[%clk 01:29:23]} {[%emt 00:04:29]} Nfd7 {[%clk 01:29:27]} {[%emt 00:00:10]}
10. Be3 {[%clk 01:28:20]} {[%emt 00:01:32]} Nc6 {[%clk 01:28:39]} {[%emt
00:01:18]} 11. Qd2 {[%clk 01:19:47]} {[%emt 00:09:04]} Rc8 {[%clk 01:28:51]}
{[%emt 00:00:19]} 12. Nd5 {[%clk 01:12:01]} {[%emt 00:08:16]} Nc5 {[%clk
01:24:32]} {[%emt 00:04:49]} 13. Bxc5 {[%clk 01:08:39]} {[%emt 00:03:53]} dxc5
{[%clk 01:24:56]} {[%emt 00:00:06]} 14. c3 {[%clk 01:07:45]} {[%emt 00:01:23]}
Bxd5 {[%clk 01:22:50]} {[%emt 00:02:37]} 15. exd5 {[%clk 01:04:02]} {[%emt
00:04:13]} e4 {[%clk 01:23:13]} {[%emt 00:00:08]} 16. dxc6 {[%clk 01:02:48]}
{[%emt 00:01:44]} exf3 {[%clk 01:23:36]} {[%emt 00:00:07]} 17. cxb7 {[%clk
00:58:49]} {[%emt 00:04:29]} Qxd2+ {[%clk 01:23:35]} {[%emt 00:00:31]} 18. Kxd2
{[%clk 00:59:13]} {[%emt 00:00:05]} Bxg5+ {[%clk 01:23:59]} {[%emt 00:00:07]}
19. Kc2 {[%clk 00:59:14]} {[%emt 00:00:29]} Rb8 {[%clk 01:24:22]} {[%emt
00:00:07]} 20. Bxa6 {[%clk 00:57:57]} {[%emt 00:01:46]} O-O {[%clk 01:24:33]}
{[%emt 00:00:19]} 21. h4 {[%clk 00:53:29]} {[%emt 00:04:58]} Bf4 {[%clk
01:23:27]} {[%emt 00:01:38]} 22. Rad1 {[%clk 00:43:27]} {[%emt 00:10:31]} Rfd8
{[%clk 01:22:53]} {[%emt 00:01:04]} 23. Rd3 {[%clk 00:41:51]} {[%emt 00:02:05]}
Rxd3 {[%clk 01:21:05]} {[%emt 00:02:18]} 24. Kxd3 {[%clk 00:38:38]} {[%emt
00:03:43]} Rd8+ {[%clk 01:20:11]} {[%emt 00:01:25]} 25. Ke4 {[%clk 00:38:09]}
{[%emt 00:00:59]} Bc7 {[%clk 01:20:34]} {[%emt 00:00:05]} 26. Kxf3 {[%clk
00:37:28]} {[%emt 00:01:12]} Kf8 {[%clk 01:20:13]} {[%emt 00:00:51]} 27. Re1
{[%clk 00:36:31]} {[%emt 00:01:26]} f6 {[%clk 01:17:56]} {[%emt 00:02:48]} 28.
Bb5 {[%clk 00:27:23]} {[%emt 00:09:37]} h5 {[%clk 01:16:28]} {[%emt 00:02:00]}
29. b4 {[%clk 00:24:41]} {[%emt 00:03:11]} cxb4 {[%clk 01:16:17]} {[%emt
00:00:41]} 30. cxb4 {[%clk 00:24:52]} {[%emt 00:00:19]} Be5 {[%clk 01:16:24]}
{[%emt 00:00:23]} 31. Rc1 {[%clk 00:23:24]} {[%emt 00:01:58]} Ke7 {[%clk
01:15:41]} {[%emt 00:01:13]} 32. Rc8 {[%clk 00:21:34]} {[%emt 00:02:20]} g5
{[%clk 01:15:45]} {[%emt 00:00:27]} 33. hxg5 {[%clk 00:14:49]} {[%emt
00:07:15]} fxg5 {[%clk 01:16:08]} {[%emt 00:00:07]} 34. a4 {[%clk 00:13:15]}
{[%emt 00:02:04]} Bb8 {[%clk 01:14:41]} {[%emt 00:01:57]} 35. a5 {[%clk
00:11:46]} {[%emt 00:01:59]} g4+ {[%clk 01:14:39]} {[%emt 00:00:31]} 36. Ke2
{[%clk 00:11:38]} {[%emt 00:00:37]} Ba7 {[%clk 01:12:17]} {[%emt 00:02:51]} 37.
Ra8 {[%clk 00:10:14]} {[%emt 00:01:56]} Bb8 {[%clk 01:12:15]} {[%emt 00:00:31]}
38. a6 {[%clk 00:10:02]} {[%emt 00:00:42]} h4 {[%clk 01:10:39]} {[%emt
00:02:07]} 39. Rxb8 {[%clk 00:09:30]} {[%emt 00:01:02]} 1-0